000 00860nam a2200193 a 4500
001 46901
005 20180714030640.0
008 140415s2004 sp 000 0 spa d
020 _a8427714793
041 _aspa
082 _a370.112
_bPER
100 1 _aPEREZ ESCLARIN, ANTONIO
245 1 0 _aEDUCAR PARA HUMANIZAR
250 _a1a ed.
260 _aESPAÑA :
_bNARCEA, S. A. DE EDICIONES,
_c2004
300 _a180
_c13.5 x 1 x 21.3
520 _aEN EL CONTEXTO DE DESHUMANIZACIÓN Y VIOLENCUIA GENERALIZADA EN QUE VIVIMOS, EL OBEJTIVO ESENCIAL DE TODA GENUINA EDUCACIÓN NO PUEDE SER OTRO QUE RECUPERAR LA DIGNIDAD DE LAS PERSONAS Y ENSEÑAR A VIVIR HUMANAMENTE. EDUCACIÓN QUE RECUPERE LA AVENTURA APASIONANTE DE LLEGAR A SER PERSONA Y VUELVA A PONER DE MODA AL SER HUMANO.
650 1 4 _aDIDACTICA
_xEDUCACION
_xFILOSOFIA DE LA EDUCACION
999 _c46901
_d46901